Câu hỏi trắc nghiệm và bài tập tự luận vật lí 11

Nội dung cuốn sách bám theo chương trình vật lí lớp 11 trình bày những kiến thức cơ bản và hệ thống các câu hỏi trắc nghiệm, tự luận.

Đã lưu trong:
书目详细资料
主要作者: Nguyễn, Thanh Hải
格式: 图书
语言:Undetermined
出版: Hà Nội Giáo dục Việt Nam 2010
主题:
标签: 添加标签
没有标签, 成为第一个标记此记录!
Thư viện lưu trữ: Trung tâm Học liệu Trường Đại học Cần Thơ
LEADER 00899nam a2200217Ia 4500
001 CTU_191627
008 210402s9999 xx 000 0 und d
020 |c 30000 
082 |a 530.0712 
082 |b H103 
100 |a Nguyễn, Thanh Hải 
245 0 |a Câu hỏi trắc nghiệm và bài tập tự luận vật lí 11 
245 0 |c Nguyễn Thanh Hải 
260 |a Hà Nội 
260 |b Giáo dục Việt Nam 
260 |c 2010 
520 |a Nội dung cuốn sách bám theo chương trình vật lí lớp 11 trình bày những kiến thức cơ bản và hệ thống các câu hỏi trắc nghiệm, tự luận. 
650 |a Physics,Vât lý 
650 |x Study and teaching (Sacondary),Học và giảng dạy (trung học) 
904 |i Bằng 
980 |a Trung tâm Học liệu Trường Đại học Cần Thơ